000 00335nam a2200133Ia 4500
005 20260326235438.0
008 260326s9999||||xx |||||||||||||| ||und||
100 _aVitruvio, Marco Lucio
245 0 _aLos Diez Libros de Arquitectura /
_cMarco Lucio Vitruvio
260 _bIberia
300 _a301 p.
650 _aHISTORIA
942 _cBK
999 _c7285
_d7285